Quantitative analysis for business decisions
Guardat en:
| Autor principal: | |
|---|---|
| Altres autors: | , |
| Format: | Llibre |
| Idioma: | anglès |
| Publicat: |
Homewood
Richard D. Irwin
1965
|
| Matèries: | |
| Etiquetes: |
Afegir etiqueta
Sense etiquetes, Sigues el primer a etiquetar aquest registre!
|
MARC
| LEADER | 00000nam a2200000 a 4500 | ||
|---|---|---|---|
| 001 | UCR8589 | ||
| 003 | CL-VaPUC | ||
| 005 | 20230905074212.0 | ||
| 008 | 980529e19650000US |||||||||||||||||eng|d | ||
| 999 | |c 269987 |d 269985 | ||
| 040 | |c Pontificia Universidad Católica de Valparaíso | ||
| 082 | 0 | 4 | |a 658.403 BIE 1965 |2 21 |
| 100 | |a Bierman, Harold |9 413974 | ||
| 245 | 1 | 0 | |a Quantitative analysis for business decisions |
| 260 | |a Homewood |b Richard D. Irwin |c 1965 | ||
| 300 | |a 456 páginas | ||
| 583 | |a last modification |c 20180511 01:10:07 |k Rodrigo Vera | ||
| 650 | 0 | |a Administración de empresas |9 260833 | |
| 650 | 0 | |a Modelos matemáticos |9 259437 | |
| 650 | 0 | |a Toma de decisiones |9 257530 | |
| 700 | 0 | |a Bonini, Charles P |9 410539 | |
| 700 | 0 | |a Hausman, Warren H |9 410540 | |
| 942 | |c BK |2 ddc | ||
| 945 | |d 19980529 00:00:00 |a crobeson | ||
| 952 | |0 0 |1 0 |2 ddc |4 0 |6 658_403000000000000_BIE_1965 |7 0 |8 A |9 304082 |a BIBGIM |b BIBGIM |d 2019-11-20 |i 1403168 |o 658.403 BIE 1965 |p 1403168 |r 2025-01-15 |t 1 |w 2019-11-20 |y BK |k COM | ||